|
|
|
|
| LEADER |
00582cam a2200169 7i4500 |
| 001 |
0000023195 |
| 005 |
20090715090000.0 |
| 090 |
0 |
0 |
|a SR 658.834
|b CON
|
| 245 |
0 |
0 |
|a The Market for consumer lifestyles in Malaysia.
|
| 260 |
0 |
0 |
|a London:
|b Euromonitor International,
|c 2006.
|
| 300 |
# |
# |
|a 80 p.
|
| 440 |
0 |
0 |
|a Euromonitor GMID : market report October 2006
|
| 650 |
0 |
0 |
|a Consumer --
|x Research --
|z Malaysia
|
| 650 |
0 |
0 |
|a Consumer --
|x Behavior --
|z Malaysia
|
| 650 |
0 |
0 |
|a Consumer --
|x Lifestyles --
|z Malaysia
|
| 651 |
0 |
0 |
|a Malaysia
|
| 999 |
|
|
|a B000022587
|b Book
|c Services
|e Business Information Centre
|